000 00680nam a2200289Ia 4500
005 20260324123409.0
008 008 260324s9999 xx 000 0 eng d
020 _a9780429251436
037 _aEBOOK
040 _aCRL
040 _beng
040 _cCRL
041 _2eng
041 _aeng
084 _qCRL
100 _aMichael L. Birzer
_91170145
245 0 _aRacial Profiling
245 0 _bThey Stopped Me Because I'm ------------!
260 _bTaylor and Francis
260 _c2012
365 _a
365 _b230
856 _uhttp://www.taylorfrancis.com/books/9780429251436
942 _cEBOOK
999 _c1763649
_d1763649